00566nam a2200169 i 450000100060000000300090000600500170001500700030003200800410003510000350007624500510011126000420016230000210020485200320022599900170025795201220027440897ES-MaACL20230906160332.0t|030307s1969 sp ||||1| spa d1 aCaro Romero, Joaquín.93541010aTiempo sin nosotros / cJoaquín Caro Romero. aMadrid : bPrensa Española, c1969. a62 p. ; c18 cm. aES-MaACLjC-36505 bR.69908 c40897d40897 00104070aATENEOMbATENEOMcDEPO2d2008-01-17eSCl0oC-36505p1043051r2023-02-23 00:00:00w2023-02-23yMONOGRAFIA